2017-2018 NHL League Standings - Statistics

General Stats
  • This quiz has been taken 165 times
  • The average score is 28 of 31
Answer Stats
Rank Team W L OT PTS % Correct
3 Tampa Bay Lightning 54 23 5 113
97%
4 Boston Bruins 50 20 12 112
96%
6 Washington Capitals 49 26 7 105
96%
10 Pittsburgh Penguins 47 29 6 100
95%
22 New York Islanders 35 37 10 80
94%
14 Columbus Blue Jackets 45 30 7 97
93%
23 Edmonton Oilers 36 40 6 78
93%
16 Florida Panthers 44 30 8 96
93%
28 Montreal Canadiens 29 40 13 71
93%
1 Nashville Predators 53 18 11 117
93%
24 New York Rangers 34 39 9 77
93%
7 Toronto Maple Leafs 49 26 7 105
93%
5 Las Vegas Golden Knights 51 24 7 109
92%
11 San Jose Sharks 45 27 10 100
92%
2 Winnipeg Jets 52 20 10 114
92%
9 Anaheim Ducks 44 25 13 101
90%
20 Calgary Flames 37 35 10 84
90%
25 Chicago Blackhawks 33 39 10 76
90%
19 Dallas Stars 42 32 8 92
90%
12 Los Angeles Kings 45 29 8 98
90%
13 Philadelphia Flyers 42 26 14 98
90%
18 St Louis Blues 44 32 6 94
90%
26 Vancouver Canucks 31 40 11 73
90%
17 Colorado Avalanche 43 30 9 95
89%
27 Detroit Red Wings 30 39 13 73
89%
15 New Jersey Devils 44 29 9 97
89%
29 Arizona Coyotes 29 41 12 70
88%
21 Carolina Hurricanes 36 35 11 83
88%
30 Ottawa Senators 28 43 11 67
88%
31 Buffalo Sabres 25 45 12 62
87%
8 Minnesota Wild 45 26 11 101
87%
No matching quizzes found
Score Distribution
Percent of People with Each Score
Percentile by Number Answered
Your Score History
You have not taken this quiz